Pętle w Olsztynie - Statystyki

Ogólne statystyki
  • Ten quiz został rozwiązany 417 razy
  • Średni wynik to 20 z 44
Statystyki odpowiedzi
Pętla % Poprawnych
Dworzec Główny
86%
Dajtki
76%
Kanta
75%
Pieczewo (tymczasowo zamknięta)
73%
Osiedle Generałów
69%
Bartąska-Rondo
65%
Gutkowo
62%
Wysoka Brama
62%
Redykajny
61%
Stary Dwór
60%
Cementowa
57%
Jakubowo
57%
Galeria Warmińska
56%
Tęczowy Las
56%
Nagórki
55%
Brzeziny
54%
Olsztynek
54%
Osiedle Mazurskie
54%
Barczewo-Pętla
53%
Słoneczny Stok
53%
Witosa
53%
Dywity
52%
Jagiellońska-Szpital
51%
Track
50%
Osiedle Podleśna
49%
Jagiellońska-Ogrody
43%
Indykpol
41%
Klewki
40%
Plaża Miejska
40%
Cmentarz Dywity-Brama Zachodnia
38%
Łupstych
38%
Uniwersytet-Prawocheńskiego
38%
Krasickiego-Wilczyńskiego (tymczasowa)
37%
Polmozbyt
36%
Borkowskiego
34%
Plac Roosevelta
29%
Andersa
28%
Spręcowo
25%
Panasa
19%
Gębika (tymczasowa)
17%
Zakład Gospodarki Odpadami Komunalnymi
17%
Wójtowo-Leszczynowa
16%
Kutrzeby
11%
Uniwersytet-Centrum Konferencyjne
8%
Nie znaleziono quizów pasujących do podanych kryteriów
Rozkład punktacji
Procent ludzi z każdym wynikiem
Percentyl według liczby udzielonych odpowiedzi
Twoja historia wyników
Nie rozwiązałeś tego quizu